000 00619nam a2200217 i 4500
001 141484
003 ES-MaACL
005 20250809063521.0
007 t|
008 070924s1964 sp ||||1| spa d
100 1 _aVoillaume, René,
_d1905-2003
_9115676
245 1 0 _aPor los caminos del mundo /
_cRené Voillaume.
250 _a2ª ed.
260 _aMadrid :
_bMarova,
_c1964.
300 _aXX, 412 p. ;
_c20 cm.
490 1 _aMaran-Atha Ven Señor
610 2 4 _aHermanitos de Jesús.
_9165897
830 0 _aMaran-Atha Ven Señor
_9187214
852 _aES-MaACL
_jC-33813
999 _c141484
_d141484